| Tag |
First Indicator |
Second Indicator |
Subfields |
| LEADER |
00000cam a2200000 a 4500 |
| 001 |
in00000096175 |
| 005 |
20150923174035.0 |
| 008 |
791217s1978 cu af b f00000 spa d |
| 035 |
|
|
|a (OCoLC)05803281
|
| 035 |
|
|
|9 AAK8569AM
|
| 040 |
|
|
|a YUS
|c YUS
|d TXA
|d UtOrBLW
|
| 049 |
|
|
|a TXAM
|c [1503476], 2 [1503477]
|
| 090 |
|
|
|a F1829 S22
|b P76
|
| 245 |
0 |
0 |
|a Provincia Sancti Spiritus.
|
| 264 |
|
1 |
|a Santiago de Cuba :
|b Editorial Oriente,
|c 1978.
|
| 300 |
|
|
|a 147 pages, 12 unnumbered pages of plates :
|b illustrations (some color) ;
|c 23 cm.
|
| 336 |
|
|
|a text
|b txt
|2 rdacontent
|
| 337 |
|
|
|a unmediated
|b n
|2 rdamedia
|
| 338 |
|
|
|a volume
|b nc
|2 rdacarrier
|
| 500 |
|
|
|a "Este libro fue elaborado por la comision siguiente:Joaquin Chang [and others]"
|
| 504 |
|
|
|a Bibliography: page 147.
|
| 651 |
|
0 |
|a Sancti Spíritus (Cuba : Province)
|
| 700 |
1 |
|
|a Chang, Joaquín.
|
| 999 |
|
|
|a MARS
|
| 999 |
f |
f |
|s a9d18551-78fe-3e75-bd42-370015e363f8
|i 9d3db6b2-3f89-38a6-b17e-aa885c3f91f1
|t 0
|
| 952 |
f |
f |
|p ric
|a Texas A&M University
|b Rellis Campus
|c Joint Library Facility
|d Remote Storage
|t 0
|e F1829 S22 P76
|h Library of Congress classification
|i unmediated -- volume
|m A14806038189
|
| 998 |
f |
f |
|a F1829 S22 P76
|t 0
|l Remote Storage
|